000 00542nam a2200193Ia 4500
003 GCL
008 140319s9999 xx 000 0 eng d
040 _aGCL /
_cGCL
082 0 4 _a327.112
_bR W
100 1 _aROGERS, PETER
245 1 0 _aWATER IN THE ARAB WOLRD: PERSPECTIVES AND PROGNOSES /
_cROGERS, PETER
700 1 _aLYDON, PETER
260 _a[S.N] :
_bTHE AMERICAN UNIVERSITY IN CAIRO PRESS ،
_c1996
300 _a369 P
650 0 4 _aWATER
650 0 4 _aINTERNATIONAL RELATIONS
650 0 4 _aWATER MANAGEMENT
942 _2ddc
_cBK
999 _c14354
_d14354